000 00931nam a2200253 a 4500
001 000024738
005 20200930023335.0
008 110203s1992 ag a r 000 | spa d
020 _a9506942552
040 _aDO-SdBNP
_bspa
_cBNPHU
041 _aeng
_hspa
_2Código de idioma MARC
082 _axxx
_bC761c
240 0 _aContainment-concept and policy.
_lespañol
245 1 0 _aContención :
_bconcepto y política /
_ccompilación Terry L. Deibel, John Lewis Gaddis ; traducción Mirta Rosenberg.
260 _aBuenos Aires :
_bGrupo Editor Latinoamericano,
_c1992.
300 _a459 p. :
_bil. ;
_c23 cm.
490 1 _aEstudios Internacionales
534 _aTítulo del original en inglés :
_tContainment-concept and policy.
700 1 _aTerry L. Deibel
_ecomp.
_950753
700 1 _aJohn Lewis Gaddis
_ecomp.
_950754
700 1 _aMirta Rosenberg
_etr.
_950755
830 0 _aEstudios Internacionales
_948515
049 _aBNGR
999 _c24231
_d24231